Countries w/ two or more capitals - Statistics

General Stats
  • This quiz has been taken 1,913 times
    1,268 since last reset
  • The average score is 11 of 14
Answer Stats
Capitals Country % Correct
Amsterdam/The Hague Netherlands
98%
Pretoria/Cape Town/Bloemfontein South Africa
98%
Sucre/La Paz Bolivia
95%
Santiago/Valparaiso Chile
95%
Kuala Lumpur/Putrajaya Malaysia
94%
Sri Jawayardenapura Kotte/Colombo Sri Lanka
90%
Tbilisi/Kutaisi Georgia
87%
Podgorica/Cetinje Montenegro
78%
Tegucigalpa/Comayaguela Honduras
76%
Dodoma/Dar es Salaam Tanzania
75%
Yamoussoukro/Abidjan Cote d'Ivoire
66%
Porto-Novo/Cotonou Benin
61%
Mbabane/Lobamba Swaziland
55%
Melekeok/Ngerulmud Palau
48%
No matching quizzes found
Score Distribution
Percent of People with Each Score
Percentile by Number Answered
Your Score History
You have not taken this quiz since the last reset